Normal view MARC view

Entry Personal Name

Number of records used in: 1

001 - CONTROL NUMBER

  • control field: 1005

003 - CONTROL NUMBER IDENTIFIER

  • control field: PK-NaQUE

005 - DATE AND TIME OF LATEST TRANSACTION

  • control field: 20260629103728.0

008 - FIXED-LENGTH DATA ELEMENTS

  • fixed length control field: 260629|| aca||aabn | a|a d

040 ## - CATALOGING SOURCE

  • Original cataloging agency: PK-NaQUE
  • Transcribing agency: PK-NaQUE

100 ## - HEADING--PERSONAL NAME

  • Personal name: Zulqarnain
  • Personal name: 21-MSCS-13
  • Personal name: Supervisor - Dr. Adnan Ahmed Arain

670 ## - SOURCE DATA FOUND

  • Source citation: Work cat.: (PK-NaQUE)69066: Zulqarnain 21-MSCS-13 Supervisor - Dr. Adnan Ahmed Arain, Leveraging Deep Neural Network for Sentiment Analysis on Google Play Stored Data ( Thesis MS), 2024